000
00327nam a2200133Ia 4500
005
20251222144741.0
008
251222s9999||||xx |||||||||||||| ||spa||
020
_a
84-8260-009-5
082
_a
263.5/B75
100
_a
Bosch, J.Gil
245
0
_a
Nueva era una Expresión de lo Religioso
264
_b
San Esteban
942
_c
LIB
999
_c
18962
_d
18962